Legislación general de régimen jurídico de las administraciones públicas y del procedimiento administrativo común
Saved in:
| Hovedforfatter: | |
|---|---|
| Format: | Bog |
| Sprog: | spansk |
| Udgivet: |
Madrid
Tecnos S.A
1996
|
| Udgivelse: | 5a. ed |
| Serier: | Biblioteca de Textos Legales
|
| Fag: | |
| Tags: |
Tilføj Tag
Ingen Tags, Vær først til at tagge denne postø!
|
MARC
| LEADER | 00000cam a2200000 a 4500 | ||
|---|---|---|---|
| 001 | UCC9888 | ||
| 003 | CL-VaPUC | ||
| 005 | 20210921074644.0 | ||
| 008 | 191122e19960000sp spa d | ||
| 020 | |a 8430928596 | ||
| 082 | 0 | 4 | |a 342.066 |b LEG |2 21 |
| 100 | |a Leguina Villa, Jesús |e author |9 605205 | ||
| 245 | 1 | 0 | |a Legislación general de régimen jurídico de las administraciones públicas y del procedimiento administrativo común |
| 250 | |a 5a. ed | ||
| 260 | |a Madrid |b Tecnos S.A |c 1996 | ||
| 300 | |a 376 p | ||
| 490 | 0 | |a Biblioteca de Textos Legales | |
| 583 | |a last modification |c 20191122 12:01:00 |k Rodrigo Vera | ||
| 650 | 0 | 0 | |a Derecho administrativo |9 254851 |
| 650 | 0 | 0 | |a Procedimiento administrativo |9 256132 |
| 650 | 0 | 0 | |a Administración pública |9 255343 |
| 650 | 0 | 0 | |a Actos administrativos |9 256128 |
| 942 | |c BK | ||
| 945 | |a dcastane |d 20191122 12:01:00 | ||
| 999 | |c 376197 |d 376195 | ||
| 952 | |0 0 |1 0 |3 erb |4 0 |6 342_066000000000000_LEG_1996 |7 0 |8 A |9 495502 |a BIBDER |b BIBDER |e Mateluna Arestizabal, Alfredo Sergio |i 5610265 |o 342.066 LEG 1996 |p 5610265 |r 2023-01-25 |w 2020-01-06 |y BK |z Catalogado en:20191122 |k DER | ||